000
00421nam a2200145Ia 4500
008
100122s9999 xx 000 0 und d
082
_b
22618
_a
823
100
_a
साधले आनंद
245
_a
कुमार संभव
260
_b
प्रिया प्रकाशन
_c
1975
300
_a
184
630
_a
कुमार संभव
730
_a
कुमार संभव
942
_c
BOOK
999
_c
410390
_d
410387